Statistics for Pictures by Letter - L

Click here to take the quiz!

General Stats

  • This quiz has been taken 24,172 times
  • The average score is 11 of 16

Answer Stats

Answer% Correct
Lego
98%
Lamborghini
96%
Lincoln
95%
Limbo
91%
Louvre
83%
Lenin
76%
Louisiana
76%
Lavender
71%
Lufthansa
67%
Lederhosen
57%
{Litmus} Paper
55%
Lute
55%
Lure
54%
Lionfish
51%
Loom
49%
Longhorn
47%

Score Distribution

Percentile by Number Answered

Percent of People with Each Score

Your Score History

You have not taken this quiz